| 000 | 01114pam a2200349 a 4500 | ||
|---|---|---|---|
| 001 | 6082 | ||
| 003 | FISKH | ||
| 005 | 20250619125642.0 | ||
| 008 | 810714r1982 nyua j 000 1 eng | ||
| 010 | _a 81011811 | ||
| 020 | _a0394846001 | ||
| 020 | _a0394946006 (lib. bdg.) | ||
| 020 | _a9780141365503 | ||
| 040 |
_aDLC _cDLC _dDLC _beng |
||
| 050 | _aPZ7.D1515 G | ||
| 082 | _a 823.914 | ||
| 100 | 1 |
_aDahl, Roald _d(1916–1990) |
|
| 245 | 1 | 0 |
_aGeorge's marvelous medicine / _cby Roald Dahl ; illustrated by Quentin Blake. |
| 250 | _aThis edition first published in 1981 | ||
| 260 |
_aLondon : _bPuffin, _c1981 |
||
| 300 |
_a88 pages : _billustrations ; _c20 cm |
||
| 505 | _aP | ||
| 520 | _aGeorge decides that his grumpy, selfish old grandmother must be a witch and concocts some marvelous medicine to take care of her. | ||
| 521 | 8 |
_a640
_bLexile |
|
| 521 | 8 |
_aP
_bRaz-Plus |
|
| 650 | 1 |
_aGrandmothers _xFiction. |
|
| 650 | 1 |
_aMagic _xFiction. |
|
| 700 | 1 |
_aBlake, Quentin _eillustrator |
|
| 906 |
_a7 _bcbc _corignew _d1 _eocip _f19 _gy-gencatlg |
||
| 942 |
_2ddc _cBK _n0 |
||
| 999 |
_c6082 _d6082 |
||